000 01144nam a22003377a 4500
003 CHAP
005 20220329135535.0
008 971013s1987 r 00010 d
010 _a38235
011 _a39207
035 _a43327
040 _cCHAP
090 _aTesis
100 0 0 _aPaz Alvarez, J. Trinidad.
_986341
245 _aOptimos de fertilización de avena en Juchitepec, Edo. de México
260 _aChapingo, Méx. :
_bEl autor,
_c1987
300 _a67 h.
_b: gráfs.
502 _aTesis (Ing. Agr. Esp. en Economía Agrícola) -- UACH. Departamento de Economía Agrícola
590 _aALEPH
_b10
_c20130110
_lUCH01
_h1304
590 _aBATCH-UPD
_b10
_c20130109
_lUCH01
_h2349
590 _aBATCH-UPD
_b10
_c20130110
_lUCH01
_h1947
590 _aBATCH-UPD
_b10
_c20130410
_lUCH01
_h1309
590 _aBATCH-UPD
_b10
_c20130914
_lUCH01
_h0433
590 _aCONVERSION
_b10
_c20130109
_lUCH01
_h1321
650 1 4 _aAvena
_zMéxico (Edo.).
_98554
650 1 4 _aFertilizantes para avena.
_940603
650 1 4 _aFertilizantes
_xEfecto en avena.
_940480
901 _aBK
942 _cTESIS
949 _bBC
_cTES
_d-99324
_eTS1
_h19742
_i43327
_si
999 _c38235
_d38235